000 00481nam a2200193Ia 4500
003 OSt
005 20250512143835.0
008 210210b1977 xxu||||| |||| 00| 0 eng d
040 _cAL
041 _aKannada
082 _aK894.3 VISK
100 _aVISHUKUMAR.
_990964
_dವಿಷು ಕುಮಾರ್
245 _aKarma.
_bಕರ್ಮ
260 _aMaisuru
_bGita Buk Haus
_c1977
300 _a123
690 _aKannada Fiction
_990965
906 _a033503
942 _2ddc
_cBK
999 _c84642
_d84642